000 00304nam a22001217a 4500
008 181127b xxu||||| |||| 00| 0 eng d
041 _aeng
080 _a043.3
100 _a0
101 _aBTH-MK
245 _aAnaliza e Raportimeve ne Media Online ne kohen e Zgjedhjeve
_cRamadani, D
942 _2udc
_cBK
999 _c52555
_d52555